=LDR 00000nam 2200000 4500 =001 INLIS000000000035039 =005 20130612140926 =008 ***********************************Ind** =035 ##$$0010-061300000035039 =041 ##$$a Ind =082 ##$$a 410.7 =090 ##$$a 410.7, Irm b =100 ##$$a Irman, Mokhamad =245 ##$$a Bahasa Indonesia, Untuk SMK/MAK semua program keahlian, Mokhamad Irman =260 ##$$a 2008 $b Jakarta =300 ##$$a ...Jild, ilus, 25 cm =650 ##$$a Bahasa Indonesia =850 ##$$a NBPNMAT